El Ombudsman iberoamericano y los derechos de la infancia
Bewaard in:
| Formaat: | Onbekend |
|---|---|
| Gepubliceerd in: |
Madrid:
CICODE
|
| Onderwerpen: | |
| Tags: |
Voeg label toe
Geen labels, Wees de eerste die dit record labelt!
|
MARC
| LEADER | 00000 a2200000 04500 | ||
|---|---|---|---|
| 001 | 11533 | ||
| 003 | |||
| 008 | 991231s d | ||
| 040 | |||
| 090 | |a 139902 | ||
| 245 | |a El Ombudsman iberoamericano y los derechos de la infancia | ||
| 260 | |a Madrid: |b CICODE | ||
| 300 | |a 201 p. | ||
| 650 | |a INFANCIA | ||
| 650 | |a DERECHOS HUMANOS | ||
| 650 | |a DERECHOS DEL NIÑO | ||
| 999 | |c 12534 |d 12534 | ||
